00449nam a22001457a 450000500170000000800410001702000150005804100120007308200150008510000120010024500760011226000590018830000300024765000260027720240910135424.0240910b |||||||| |||| 00| 0 eng d a0409050466 aEnglish a346.7 REI  lEnglish aGeneral Principles of Insurance / cMFB Reinecke and SWJ van der Merwe  aDurban: bButterworth and Publishers (Pty) Ltd, c1989 bvii, 323 pages; c25 cm.  aLegal practice bLaw